Tunnista eläin zoomatusta kuvasta IV - Statistics

Yleistilastot
  • Tätä visaa on pelattu 69 kertaa
  • Keskiarvotulos 3 / 8
Vastaustilastot
Kuvavisa Vastaus % Oikein
jänis
96%
siili
91%
mursu
75%
haisunäätä
23%
lepakko
23%
antilooppi
11%
hyeena
9%
kärppä
9%
Ehtoja vastaavia visoja ei löytynyt
Tulosjakauma
Jokaisen tuloksen saaneiden osuus
Persentiili vastausten määrän mukaan
Tuloshistoriasi
Et ole pelannut tätä visaa